Quiz sur les bières dans le monde - Statistiques

Statistiques générales
  • Ce quiz a été pris 92 fois
  • Le résultat moyen est 4 sur 15
Statistiques - réponses
Pays Marque de bière % Correct
Pays-Bas Heineken
87%
France 1664
61%
Mexique Corona
49%
Belgique Jupiler
43%
Canada Budweiser
31%
Irlande Guinness
29%
Chine Tsingtao
27%
Portugal Sagres
16%
Japon Asahi
14%
Italie Moretti
10%
Allemagne Pils
9%
Etats-Unis Bud Light
8%
Turquie Efes
1%
Russie Baltica
0%
Royaume-Uni India Pale Ale
0%
Aucun quiz correspondant
Distribution des résultats
% des personnes avec chaque résultat
Percentile par nombre de réponses
Votre historique - résultats
Vous n’avez pas pris ce quiz